000 00443nam a2200157 a 4500
005 20140414132114.0
008 121029s19uu xx 00 eng d
020 _a2764112858
050 _aER
_bL645 2001
245 _aLet's pull together.
260 _aMontreal, Canada :
_bTormont Publications,
_c2001.
440 _aClever little tales
650 _aFairy tales.
700 _aGognon, Michelle ( English adaptation by)
999 _c114858
_d114858